| 000 | 00366pab a2200133 454500 | ||
|---|---|---|---|
| 008 | 180718b xxu||||| |||| 00| 0 eng d | ||
| 100 | _aNarayanan Rama | ||
| 245 | _aEconomic value of breast-feeding - improbable hypotheses | ||
| 362 | _a28(42), 16 Oct 93, p.2301 | ||
| 650 | _a Women | ||
| 650 | _aNutrition | ||
| 773 | _aEconomic and Political Weekly | ||
| 909 | _a25557 | ||
| 999 |
_c25557 _d25557 |
||